North British Housing Association Ltd v Matthews and related appeals; London and Quadrant Housing Ltd v Morgan (Record no. 74807)
[ view plain ]
| 000 -LEADER | |
|---|---|
| fixed length control field | 02123cab a2200217 4500 |
| 001 - CONTROL NUMBER | |
| control field | ABS68751 |
| 008 - FIXED-LENGTH DATA ELEMENTS--GENERAL INFORMATION | |
| fixed length control field | 050217n2005 000 0 eng u |
| 035 ## - SYSTEM CONTROL NUMBER | |
| System control number | (Sirsi) u128818 |
| 041 ## - LANGUAGE CODE | |
| Language code of text/sound track or separate title | eng |
| 245 ## - TITLE STATEMENT | |
| Title | North British Housing Association Ltd v Matthews and related appeals; London and Quadrant Housing Ltd v Morgan |
| 260 ## - PUBLICATION, DISTRIBUTION, ETC. | |
| Date of publication, distribution, etc. | 2005 |
| 490 ## - SERIES STATEMENT | |
| Series statement | Estates Gazette |
| Volume/sequential designation | [2005] 02 EG 101(CS)(1) |
| 490 ## - SERIES STATEMENT | |
| Series statement | Weekly Law Reports |
| Volume/sequential designation | [2005] 1 WLR 3133-3157(25) |
| 520 ## - SUMMARY, ETC. | |
| Summary, etc. | [2004] EWCA Civ 1736, 21 December 2004. Discusses whether an adjournment can be granted after a mandatory ground for possession has been fulfilled. N brought possession proceedings against appellant tenants M, whose rent arrears had extended beyond eight weeks at the date notice was served and the date of the hearing, thereby fulfilling the mandatory ground for possession in the Housing Act 1988 Sched 2 Part I Ground 8. M applied for a hearing adjournment because maladministration by the local authority in paying their housing benefit had caused their inability to address the arrears in time. The adjournment was refused as subsection 6 of s9(1) disapplied the adjournment provision in s9 of the Act in those cases where the court was satisfied that the landlord was entitled to possession on any of the grounds in Sched 2 Part I including Ground 8. "Held": appeals dismissed. Once the court had expressed the conclusion that it was satisfied that the landlord was entitled to possession there was no power to grant an adjournment in any circumstances. The power to adjourn should not be exercised for the purpose of allowing a tenant to reduce arrears below the Ground 8 threshold save in exceptional circumstances. Arrears attributable to local authority maladminstration did not meet this criterion. |
| 590 ## - LOCAL NOTE (RLIN) | |
| Local note | ABS |
| 650 ## - SUBJECT ADDED ENTRY--TOPICAL TERM | |
| Topical term or geographic name entry element | NORTH BRITISH HOUSING ASSOCIATION LTD V MATTHEWS |
| 650 ## - SUBJECT ADDED ENTRY--TOPICAL TERM | |
| Topical term or geographic name entry element | HOUSING ACT 1988 |
| 690 ## - LOCAL SUBJECT ADDED ENTRY--TOPICAL TERM (OCLC, RLIN) | |
| Topical term or geographic name as entry element | PROPERTY-RESIDENTIAL PROPERTY-RESIDENTIAL LANDLORD AND TENANT-RESIDENTIAL TENANCIES |
| 856 ## - ELECTRONIC LOCATION AND ACCESS | |
| Uniform Resource Identifier | <a href="https://www.bailii.org/ew/cases/EWCA/Civ/2004/1736.html">https://www.bailii.org/ew/cases/EWCA/Civ/2004/1736.html</a> |
| Public note | View the judgment at www.bailii.org... |
| 942 ## - ADDED ENTRY ELEMENTS (KOHA) | |
| Suppress in OPAC | 0 |
| Withdrawn status | Lost status | Source of classification or shelving scheme | Damaged status | Not for loan | Home library | Current library | Shelving location | Date acquired | Total Checkouts | Full call number | Barcode | Date last seen | Copy number | Price effective from | Koha item type |
|---|---|---|---|---|---|---|---|---|---|---|---|---|---|---|---|
| Dewey Decimal Classification | London | London | Journal article | 17/02/2005 | ABS68751 | 128818-1001 | 06/08/2019 | 1 | 06/08/2019 | Journal article |